书目信息 |
| 题名: |
英美文学研究新视野
|
|
| 作者: | 丁芸 著 | |
| 分册: | ||
| 出版信息: | 杭州 浙江大学出版社 2005 |
|
| 页数: | 324页 | |
| 开本: | 21cm | |
| 丛书名: | ||
| 单 册: | ||
| 中图分类: | I106 | |
| 科图分类: | ||
| 主题词: | 文学研究--wen xue yan jiu--美国 , 文学研究--wen xue yan jiu--英国 | |
| 电子资源: | ||
| ISBN: | 7-308-04407-6 | |
| 000 | 01336nam0 2200325 450 | |
| 000 | 01299nam0 2200313 450 | |
| 000 | 01306nam0 2200325 450 | |
| 000 | 01252nam0 2200301 450 | |
| 000 | 01422nam0 2200349 450 | |
| 000 | 01385nam0 2200337 45 | |
| 001 | 012005000794 | |
| 005 | 20061027161345.42 | |
| 010 | @a7-308-04407-6@dCNY25.00 | |
| 100 | @a20051119d2005 em y0chiy0121 ea | |
| 101 | 0 | @achi |
| 102 | @aCN@b330000 | |
| 105 | @ay z 000yy | |
| 200 | 1 | @a英美文学研究新视野@Aying mei wen xue yan jiu xin shi ye@d= New vistas for the study of British & American literatures@f丁芸著@zeng |
| 210 | @a杭州@c浙江大学出版社@d2005 | |
| 215 | @a324页@d21cm | |
| 314 | @a丁芸, 副教授, 主要从事英美文学研究和中外语言文化比较研究, 著有《英美文学研究新视野》等。 | |
| 330 | @a本书除导论和后记外, 共分3编16章, 重点论述了英美文学中具有全球性影响, 拥有大量读者市场, 并且本书最大特色在于; 以全球化语境为背景, 力图运用当代色彩缤纷的新思维、新理念和新方法来解读、审视和再思英美文学。 | |
| 510 | 1 | @aNew vistas for the study of British & American literatures@zeng |
| 606 | 0 | @a文学研究@Awen xue yan jiu@y美国 |
| 606 | 0 | @a文学研究@Awen xue yan jiu@y英国 |
| 690 | @aI106@v4 | |
| 701 | 0 | @a丁芸@Ading yun@4著 |
| 801 | 0 | @aCN@c20061027 |
| 905 | @apdsgxy@dI106@eD595 | |
| 英美文学研究新视野= New vistas for the study of British & American literatures/丁芸著.-杭州:浙江大学出版社,2005 |
| 324页;21cm |
| ISBN 7-308-04407-6:CNY25.00 |
| 本书除导论和后记外, 共分3编16章, 重点论述了英美文学中具有全球性影响, 拥有大量读者市场, 并且本书最大特色在于; 以全球化语境为背景, 力图运用当代色彩缤纷的新思维、新理念和新方法来解读、审视和再思英美文学。 |
| ● |
| 相关链接 |
|
|
|
正题名:英美文学研究新视野
索取号:I106/D595
 
预约/预借
| 序号 | 登录号 | 条形码 | 馆藏地/架位号 | 状态 | 备注 |
| 1 | 631594 | 206315940 | 社科二线400B/400B社科库 17排3列6层/ [索取号:I106/D595] | 在馆 | |
| 2 | 631595 | 206315959 | 社科二线400B/400B社科库 11排4列2层/ [索取号:I106/D595] | 在馆 | |
| 3 | 631596 | 206315968 | 文学库108/108文学库 1排5列4层/ [索取号:I106/D595] | 在馆 | |
| 4 | 631597 | 206315977 | 社科二线400B/400B社科库 20排4列6层/ [索取号:I106/D595] | 在馆 | |
| 5 | 631598 | 206315986 | 文学库108/108文学库 1排5列4层/ [索取号:I106/D595] | 在馆 |